| 000 | 00519nam a22001697a 4500 | ||
|---|---|---|---|
| 005 | 20251108163334.0 | ||
| 008 | 250721s1996 xx 000 0 ara d | ||
| 082 | 1 | 4 | _a158.7/عوي |
| 100 | 1 |
_aعويضه، كامل محمد محمد _eمؤلف |
|
| 245 | 1 | 0 | _aعلم النفس الصناعي / |
| 264 | 1 |
_aبيروت : _bدار الكتب العلمية، _c1996. |
|
| 300 | _a191ص. | ||
| 490 | 0 | _aسلسلة علم النفس ؛ 13 | |
| 650 | 1 | 7 | _aعلم النفس الصناعي |
| 942 |
_2ddc _cBK |
||
| 999 |
_c191 _d191 |
||